000
00304nam a22001337a 4500
008
170821b xxu||||| |||| 00| 0 eng d
020
_a
9780136007319
041
_a
eng
080
_2
4 ED
_a
51
100
_a
37
101
_a
MAT
245
_a
BEGINNING INTERMEDIA ALGEBRA
_c
GAY.E.M
942
_2
udc
_c
BK
999
_c
24388
_d
24388